000 00660nam a2200217Ii 4500
001 1952
003 CO-ViMGA
008 241108s9999||||xx |||||||||||||| ||und||
020 _a9253001453
040 _aCO-ViMGA
_bspa
_erda
_cCO-ViMGA
041 0 _aspa
082 0 4 _a631.451 O73s
110 1 _aOrganización de la Naciones Unidas para la Agricultura y la Alimentación
_952830
245 1 0 _aEl suelo :
_bcómo mejorar el suelo
264 1 _aRoma, Italia : FAO, 1990
300 _avolumen
336 _atext
_btxt
_2rdacontent
337 _aunmediated
_bn
_2rdamedia
338 _avolume
_bnc
_2rdacarrier
940 _aidficha_siabuc: 1911. -- ficha_no_siabuc:1952
999 _c49713
_d49713